History Quiz

Random History Quiz

Thomas Mann family Quiz Stats

 Plays Quiz not verified by Sporcle

Challenge
Share
Tweet
Embed
Score 0/18 Timer 04:00
0 Plays Today
Hint Family member % Correct
Father Heinrich Mann
100%
Elder brotherHeinrich Mann
100%
Younger sisterJulia Mann
66.7%
Eldest daughterErika Mann
66.7%
Second sonGolo Mann
66.7%
Eldest sonKlaus Mann
50%
MotherJulia da Silva Bruhns
33.3%
WifeKatharina Pringsheim
33.3%
Third sonMichael Mann
33.3%
Hint Family member % Correct
Younger sisterCarla Mann
16.7%
Younger brotherVictor Mann
16.7%
Second daughterMonika Mann
16.7%
Third daughterElisabeth Mann
16.7%
GrandsonFridolin Mann
16.7%
GranddaughterAngelica Borgese
0%
GranddaughterDominica Borgese
0%
GrandsonAnthony Mann
0%
GrandsonRaju Mann
0%

You're not logged in!

Compare scores with friends on all Sporcle quizzes.
Join for Free
OR
Log In

You Might Also Like...

Show Comments

Extras

Created Dec 30, 2016SourceReportNominate
Tags:family, mann, thomas

Top Quizzes Today


Score Distribution

Your Account Isn't Verified!

In order to create a playlist on Sporcle, you need to verify the email address you used during registration. Go to your Sporcle Settings to finish the process.

Report this User

Report this user for behavior that violates our Community Guidelines.

Details: